LEGAL WRITING IN PLAIN ENGLISH (Record no. 195186)

MARC details
000 -LEADER
fixed length control field 00409nam a2200157Ia 4500
008 - FIXED-LENGTH DATA ELEMENTS--GENERAL INFORMATION
fixed length control field 220923s9999 xx 000 0 und d
020 ## - INTERNATIONAL STANDARD BOOK NUMBER
International Standard Book Number 978-0-226-28393--7
082 ## - DEWEY DECIMAL CLASSIFICATION NUMBER
Item number GAR
100 ## - MAIN ENTRY--PERSONAL NAME
Personal name GARNER, BAYAN A.
245 #0 - TITLE STATEMENT
Title LEGAL WRITING IN PLAIN ENGLISH
250 ## - EDITION STATEMENT
Edition statement 2ND
260 ## - PUBLICATION, DISTRIBUTION, ETC.
Name of publisher, distributor, etc. THE UNIVERSITY OF CHIKANGO PRESS
Date of publication, distribution, etc. 2013
300 ## - PHYSICAL DESCRIPTION
Extent 268
650 ## - SUBJECT ADDED ENTRY--TOPICAL TERM
Topical term or geographic name entry element Drafting, Pleading & Conveyancing
942 ## - ADDED ENTRY ELEMENTS (KOHA)
Koha item type Book
Holdings
Withdrawn status Lost status Damaged status Not for loan Home library Current library Shelving location Date acquired Barcode Date last seen Price effective from Koha item type Public note
        Mewar University Central Library Mewar University Central Library Law 18/11/2014 L3748 23/09/2022 18/11/2014 Book 16-2